000 01006nam a22002175i 4500
001 53915
003 ES-MaACL
005 20250903011157.0
007 t|
008 960708s1858 sp ||||1| spa d
100 1 _aFernández de los Senderos, Manuel.
_949685
245 1 0 _aDiscurso que sobre la importancia del estudio de las matemáticas y su enlace íntimo con el de las ciencias físicas y naturales, leyó el Sr. D. Manuel Fernández de los Senderos en el acto de su recepción de académico numerario de la Real Academia de Ciencias.
260 _a[Madrid :
_bs.n.,
_c1858] (
_fImp. y Fundición de Eusebio Aguado)
300 _a14 p. ;
_c23 cm.
530 _aDisponible en formato digital.
650 7 _aMatemáticas
_2embne
_914814
710 2 _aReal Academia de Ciencias Exactas, Físicas y Naturales de España.
_9175635
852 4 _aES-MaACL
_jT-10-F-10
856 4 _uhttp://bdh-rd.bne.es/viewer.vm?id=0000125197&page=1
_zBiblioteca Digital Hispánica
999 _c53915
_d53915